| 000 | 02038nam a22002777a 4500 | ||
|---|---|---|---|
| 003 | UA-OsUOA | ||
| 001 | 65049 | ||
| 007 | ta | ||
| 008 | 20091112b un ||||| |||| 00| 0 ukr d | ||
| 100 | _aГонюкова Л.В. | ||
| 090 |
_a329(075.8) _bГ65 |
||
| 942 | _cBK | ||
| 040 |
_aUA-OsUOA _bukr _cUA-OsUOA _dUA-OsUOA |
||
| 245 |
_aСуспільно-політичні об'єднання: теорія і практика _bНавч. пос. |
||
| 300 | _a240 с. | ||
| 955 | _a2 | ||
| 041 | _aukr | ||
| 080 | _a329(075.8) | ||
| 020 | _a978-966-504-878-7 | ||
| 520 | 3 | _aПосібник орієнтує студентів на вивчення основ партології як одного з напрямів політичної науки. Увага акцентується на суті політичних партій і їх правовій інституціоналізації, взаємозв'язку і взаємодії політичних партій з громадськими об'єднаннями, а | |
| 520 | 3 | _aтікож їх відмінності від громадсько-політичних рухів, на статусній ролі партій у системі правової держави.Зміст.Розділ 1. Природа і сутність політичних об'єднань та їх місце у політичній системі суспільства.Розділ 2. Ідеологія, функції та діяль | |
| 520 | 3 | _aність політичних партій.Розділ 3. Політичні партії як чинники формування та реалізації стратегії державної політики.Розділ 4. Партії у сучасних умовах.Розділ 5. Громадські об'єднання та рухи. Громадянське суспільство. | |
| 260 |
_aК. _bГенеза _c2009 |
||
| 650 | 7 |
_a32 Політика _2UDC |
|
| 999 |
_c351160 _d351160 |
||